000 00929nam a22002771c 4500
001 a987677862
008 161108s1983 gw |||| 000u ger d
020 _a3525334850
_93-525-33485-0
041 _ager
245 0 0 _aFaschismus als soziale Bewegung :
_bDeutschland und Italien im Vergleich /
_cWolfgang Schieder (Hrsg.)
250 _a2. Aufl.
264 _aGöttingen :
_bVandenhoeck & Ruprecht,
_c1983
300 _a211 S. : graph. Darst
650 0 _aFaschismus
650 0 _aNationalsozialismus
651 0 _aDeutschland
651 0 _aItalien
700 1 _aSchieder, Wolfgang
_eHerausgeberIn
_95702
700 1 _aKater, Michael H.
_eMitarbeiterIn
_914117
856 4 _uhttp://nbn-resolving.de/urn/resolver.pl?urn=urn:nbn:de:bvb:12-bsb00052471-2
942 _cMG
040 _cRU-10907106
003 RU-10907106
999 _c39864
_d39864
490 0 _akleine Vandenhoeck-Reihe
_v1492
530 _aAuch als Online-Ressource frei zugänglich